Provincias de Argentina - Escribe la Primera Letra - Estadísticas

Estadísticas generales
  • Esta prueba ha sido intentada 103 veces
    60 desde el último reinicio
  • La puntuación promedio es 20 de 23
Respuestas en el mapa
Las respuestas están codificadas por una escala verde-roja en el mapa de la prueba según el % correcto abajo.
 
Estadísticas de respuestas
Provincia % Correcto
Buenos Aires
94%
Jujuy
94%
Santa Cruz
94%
Santiago del Estero
94%
Córdoba
91%
Entre Ríos
91%
La Pampa
91%
Rio Negro
91%
Salta
91%
Santa Fe
91%
Corrientes
89%
Mendoza
89%
Chaco
87%
Formosa
87%
Misiones
87%
San Juan
87%
San Luis
87%
Tierra del Fuego
87%
Catamarca
85%
Chubut
85%
La Rioja
85%
Tucumán
85%
Neuquén
83%
No se encontraron pruebas coincidentes
Distribución de puntuación
Porcentaje de gente con cada puntuación
Porcentaje por número respondido
Historial de tus puntuaciones
No has intentado esta prueba desde el último reinicio